Стратегическое управление коммунальным комплексом территориального образования; Проблемы экономики и менеджмента; № 7 (11)

Bibliografiske detaljer
Parent link:Проблемы экономики и менеджмента.— , 2011-
№ 7 (11).— 2012.— [С. 53-55]
Hovedforfatter: Федорова К. А.
Andre forfattere: Ротарь В. Г. Виктор Григорьевич
Summary:Заглавие с экрана
В статье представлена информация о системе сбалансированных показателей, ее принципах и применении в коммунальном комплексе
Sprog:russisk
Udgivet: 2012
Fag:
Online adgang:http://icnp.ru/sites/default/files/PEM/PEM_11.pdf#page=53
Format: MixedMaterials Electronisk Book Chapter
KOHA link:https://koha.lib.tpu.ru/cgi-bin/koha/opac-detail.pl?biblionumber=636794

MARC

LEADER 00000nla0a2200000 4500
001 636794
005 20250407085204.0
035 |a (RuTPU)RU\TPU\network\850 
035 |a RU\TPU\network\849 
090 |a 636794 
100 |a 20140325d2012 k||y0rusy50 ca 
101 0 |a rus 
102 |a RU 
135 |a drnn ---uucaa 
181 0 |a i  
182 0 |a b 
200 1 |a Стратегическое управление коммунальным комплексом территориального образования  |f К. А. Федорова, В. Г. Ротарь 
203 |a Текст  |c электронный 
300 |a Заглавие с экрана 
320 |a [Библиогр.: с. 55 (2 назв.)] 
330 |a В статье представлена информация о системе сбалансированных показателей, ее принципах и применении в коммунальном комплексе 
461 |t Проблемы экономики и менеджмента  |d 2011- 
463 |t № 7 (11)  |v [С. 53-55]  |d 2012 
610 1 |a электронный ресурс 
610 1 |a труды учёных ТПУ 
610 1 |a коммунальный комплекс 
610 1 |a показатели 
610 1 |a сбалансированность 
610 1 |a стратегическое управление 
700 1 |a Федорова  |b К. А. 
701 1 |a Ротарь  |b В. Г.  |c специалист в области автоматического управления  |c доцент Томского политехнического университета, кандидат технических наук  |f 1948-  |g Виктор Григорьевич  |3 (RuTPU)RU\TPU\pers\28047 
801 2 |a RU  |b 63413507  |c 20140325  |g RCR 
856 4 |u http://icnp.ru/sites/default/files/PEM/PEM_11.pdf#page=53 
942 |c CF